Normal view
MARC view
- Sheikh, Akram
Entry Personal Name
001 - CONTROL NUMBER
- control field: 15687
003 - CONTROL NUMBER IDENTIFIER
- control field: NUST
005 - DATE AND TIME OF LATEST TRANSACTION
- control field: 20190627053942.0
008 - FIXED-LENGTH DATA ELEMENTS
- fixed length control field: 190627|| aca||aabn | a|a d
040 ## - CATALOGING SOURCE
- Original cataloging agency: NUST
- Transcribing agency: NUST
100 ## - HEADING--PERSONAL NAME
- Personal name: Sheikh, Akram
670 ## - SOURCE DATA FOUND
- Source citation: Work cat.: (NUST)524758: Sheikh, Akram, Nanak Tay Bolha /, 2013.
